Избранное: Пер. с нем.

Dades bibliogràfiques
Autor principal: Лессинг Г. Э. Готхольд Эфраим
Altres autors: Гулыга А. (автор предисловия), Ганнушкин Е. (иллюстратор)
Idioma:rus
Publicat: Москва, Художественная литература, 1980
Matèries:
Format: MixedMaterials Llibre
KOHA link:https://koha.lib.tpu.ru/cgi-bin/koha/opac-detail.pl?biblionumber=161058

MARC

LEADER 00000nam0a2200000 4500
001 161058
005 20231101222229.0
020 |a RU  |b 80-74394 
035 |a (RuTPU)RU\TPU\book\174654 
035 |a RU\TPU\book\128353 
090 |a 161058 
100 |a 20090602d1980 m y0rusy5003 ca 
101 0 |a rus  |c ger 
102 |a RU 
105 |a a z 000ay 
200 1 |a Избранное  |e Пер. с нем.  |f Г. Э. Лессинг  |g авт. предисл. А. Гулыга; худож. Е. Ганнушкин 
210 |a Москва  |c Художественная литература  |d 1980 
215 |a 574 с.  |c 1 л. портр.  |d 21 см. 
610 1 |a немецкая литература 
610 1 |a драмы 
675 |a 83  |z rus 
700 1 |a Лессинг  |b Г. Э.  |c немецкий драматург и просветитель  |c философ  |f 1729-1781  |g Готхольд Эфраим  |2 stltpush  |3 (RuTPU)RU\TPU\pers\13009  |9 3715 
702 1 |a Гулыга  |b А.  |4 080 
702 1 |a Ганнушкин  |b Е.  |4 440 
801 0 |a RU  |b RuMRKP  |c 19950704  |g psbo 
801 1 |a RU  |b 63413507  |c 20070615  |g PSBO 
801 2 |a RU  |b 63413507  |c 20090602  |g PSBO 
942 |c BK